UBT Library

Pediatric skills for occupational therapy assistants / (Record no. 42319)

000 -LEADER
fixed length control field 00885cam a2200265 a 4500
001 - CONTROL NUMBER
control field 16383278
005 - DATE AND TIME OF LATEST TRANSACTION
control field 20180212044427.0
008 - FIXED-LENGTH DATA ELEMENTS--GENERAL INFORMATION
fixed length control field 100809s2011 mou b 001 0 eng
010 ## - LIBRARY OF CONGRESS CONTROL NUMBER
LC control number 2010033835
020 ## - INTERNATIONAL STANDARD BOOK NUMBER
International Standard Book Number 9780323059107 (pbk. : alk. paper)
035 ## - SYSTEM CONTROL NUMBER
System control number (DNLM)101537774
040 ## - CATALOGING SOURCE
Original cataloging agency DNLM/DLC
Transcribing agency DLC
Modifying agency DLC
041 ## - LANGUAGE CODE
Language code of text/sound track or separate title eng
042 ## - AUTHENTICATION CODE
Authentication code pcc
060 10 - NATIONAL LIBRARY OF MEDICINE CALL NUMBER
Classification number WS 368
080 ## - UNIVERSAL DECIMAL CLASSIFICATION NUMBER
Universal Decimal Classification number 618.92.89165 lew
082 00 - DEWEY DECIMAL CLASSIFICATION NUMBER
Classification number 618.92.89165 lew
Edition number 22
100 ## - Rafti
Rafti 8
101 ## - Shkurtesa
Shkurtesa ped
245 00 - TITLE STATEMENT
Title Pediatric skills for occupational therapy assistants /
Statement of responsibility, etc [edited by] Jean W. Solomon, Jane Clifford O'Brien ; illustrations by Moran Midgett ; with 30 contributing authors.
504 ## - BIBLIOGRAPHY, ETC. NOTE
Bibliography, etc Includes bibliographical references and index.
906 ## - LOCAL DATA ELEMENT F, LDF (RLIN)
a 7
b cbc
c orignew
d 1
e ecip
f 20
g y-gencatlg
942 ## - ADDED ENTRY ELEMENTS (KOHA)
Source of classification or shelving scheme
Item type Books
Holdings
Withdrawn status Lost status Source of classification or shelving scheme Damaged status Not for loan Collection code Permanent location Current location Shelving location Date acquired Total Checkouts Full call number Barcode Date last seen Price effective from Koha item type
          Koleksioni i përgjithshem UBT - Lipjan UBT - Lipjan Koleksioni i përgjithshem 02/12/2018   618.92.89165 JEA 002-2998518 02/12/2018 02/12/2018 Books
          Koleksioni i përgjithshem UBT - Lipjan UBT - Lipjan Koleksioni i përgjithshem 02/12/2018   618.92.89165 JEA 002-2998513 02/12/2018 02/12/2018 Books
          Koleksioni i përgjithshem UBT - Lipjan UBT - Lipjan Koleksioni i përgjithshem 02/12/2018   618.92.89165 JEA 002-2998508 02/12/2018 02/12/2018 Books
          Koleksioni i përgjithshem UBT - Lipjan UBT - Lipjan Koleksioni i përgjithshem 02/12/2018   618.92.89165 JEA 002-2998503 02/12/2018 02/12/2018 Books
UBT Library © 2015-2024. All rights reserved University Education for Business and Technology